000 00225nam a2200109Ia 4500
100 _aRao/P.N.
650 _aProduction.
942 _cBK
245 _aManufacturing technology
260 _bTata McGrawhill
546 _aENGLISH
999 _c30291
_d30291